Online
Catalog

El diablo cojuelo / (Record no. 1160)

MARC details
000 -CABECERA
campo de control de longitud fija 00768cam a2200205 a 4500
001 - NÚMERO DE CONTROL
campo de control 000001210
005 - FECHA Y HORA DE LA ÚLTIMA TRANSACCIÓN
campo de control 20200929145516.0
008 - DATOS DE LONGITUD FIJA--INFORMACIÓN GENERAL
campo de control de longitud fija 841115s1943 sp a 000 1 spa
040 ## - FUENTE DE LA CATALOGACIÓN
Centro catalogador/agencia de origen DO-SdBNP
Lengua de catalogación spa
Centro/agencia transcriptor BNPHU
082 ## - NÚMERO DE LA CLASIFICACIÓN DECIMAL DEWEY
Número de clasificación 863.3
Número de documento/Ítem V436d
100 1# - ENTRADA PRINCIPAL--NOMBRE DE PERSONA
Nombre de persona Vélez de Guevara, Luis,
Fechas asociadas al nombre 1579-1644
9 (RLIN) 4138
245 13 - MENCIÓN DE TÍTULO
Título El diablo cojuelo /
Mención de responsabilidad, etc. Luis Vélez de Guevara ; edición prologada y anotada por Fernando Gutiérrez ; ilustrada con grabados en madera por Enrique C. Ricart.
260 ## - PUBLICACIÓN, DISTRIBUCIÓN, ETC.
Lugar de publicación, distribución, etc. Barcelona :
Nombre del editor, distribuidor, etc. Orbis,
Fecha de publicación, distribución, etc. 1943.
300 ## - DESCRIPCIÓN FÍSICA
Extensión 216 p. :
Otras características físicas il. ;
Dimensiones 29 cm.
650 #4 - PUNTO DE ACCESO ADICIONAL DE MATERIA--TÉRMINO DE MATERIA
Término de materia o nombre geográfico como elemento de entrada Novela española
9 (RLIN) 1123
650 #4 - PUNTO DE ACCESO ADICIONAL DE MATERIA--TÉRMINO DE MATERIA
Término de materia o nombre geográfico como elemento de entrada Literatura española
9 (RLIN) 632
700 1# - PUNTO DE ACCESO ADICIONAL--NOMBRE DE PERSONA
Nombre de persona Gutiérrez, Fernando,
Término indicativo de función/relación ed.
9 (RLIN) 4139
700 1# - PUNTO DE ACCESO ADICIONAL--NOMBRE DE PERSONA
Nombre de persona Ricart, Enrique C.,
Término indicativo de función/relación il.
9 (RLIN) 4140
Holdings
Estado de retiro Estado de pérdida Restricciones de uso No para préstamo Código de colección Localización permanente Ubicación/localización actual Ubicación en estantería Fecha de adquisición Número de inventario Total de préstamos Signatura topográfica completa Código de barras Fecha visto por última vez Precio válido a partir de Tipo de ítem Koha
    Préstamo interno Préstamo en sala Dominicana de Servicio Biblioteca Nacional Pedro Henríquez Ureña Biblioteca Nacional Pedro Henríquez Ureña Depósito 03.07.2009 LF1   863.3 V436d | t.1 1210-10 25.06.2020 25.06.2020 Libros y folletos

Powered by Koha